Hospodárenie s pitnou vodou v rezorte stavebníctva

Podrobná bibliografia
Hlavný autor: Stehlík, Kamil (Autor)
Médium: Článok
Jazyk:slovenčina
Fyzický popis:Tb. 3.
Predmet:

MARC

LEADER 00000nab a2200000 a 4500
001 vtls000218888
003 SK-MaSNL
005 20260303234518.0
008 111202c1984 xo 0 slo
015 |a SNBRA19rr/mm-uuuuu 
035 |a CL0229002 
040 |a SNKBUCL  |b slo  |c SNKBUCL  |e AACR2 
041 0 |a slo 
044 |a xo  |c SK 
080 |a 628.1  |2 1981 
080 |a 69  |2 1981 
100 1 |a Stehlík, Kamil  |4 aut  |9 1272219 
245 1 0 |a Hospodárenie s pitnou vodou v rezorte stavebníctva  |c Kamil Stehlík 
300 |b Tb. 3. 
650 0 7 |a vodné hospodárstvo  |2 snkbucl  |9 759 
650 0 7 |a stavebné podniky  |2 snkbucl  |9 4036 
650 0 7 |a voda pitná  |2 snkbucl  |9 876771 
655 7 |a články zo zborníkov  |2 snkbucl  |9 166140 
773 0 |t Pätnásta konferencia závodných a podnikových vodohospodárov  |d Žilina : Dom techniky ČSVTS, 1984  |g S. 68-75 
850 |a Slovenská národná knižnica v Martine  |a MTA001 
852 |a SNK  |b KIS3GCP 
958 |a RK 
992 |a RZB 
999 |c 2521138  |d 2523068